Sindirim fizyolojisi/ (Record no. 200467016)
[ view plain ]
| 000 -LEADER | |
|---|---|
| fixed length control field | 00638 am a2200229 4500 |
| 001 - CONTROL NUMBER | |
| control field | 200467016 |
| 003 - CONTROL NUMBER IDENTIFIER | |
| control field | TR-AnU |
| 005 - DATE AND TIME OF LATEST TRANSACTION | |
| control field | 20260212121501.0 |
| 008 - FIXED-LENGTH DATA ELEMENTS--GENERAL INFORMATION | |
| fixed length control field | 030207s1969 tur tur d |
| 040 ## - CATALOGING SOURCE | |
| Transcribing agency | TR-AnTOB |
| 041 ## - LANGUAGE CODE | |
| Language code of text/sound track or separate title | Türkçe |
| 099 ## - LOCAL FREE-TEXT CALL NUMBER (OCLC) | |
| Classification number | WI 102 ÖZE 1969 |
| 100 1# - MAIN ENTRY--PERSONAL NAME | |
| Personal name | Özer, Fikri |
| Dates associated with a name | 1912- |
| 245 10 - TITLE STATEMENT | |
| Title | Sindirim fizyolojisi/ |
| Statement of responsibility, etc. | Fikri Özer. |
| 260 ## - PUBLICATION, DISTRIBUTION, ETC. | |
| Place of publication, distribution, etc. | Ankara: |
| Name of publisher, distributor, etc. | Ankara Ü Tıp Fakültesi, |
| Date of publication, distribution, etc. | 1969 |
| 300 ## - PHYSICAL DESCRIPTION | |
| Extent | VIII, 116 s : |
| Other physical details | şkl ; |
| Dimensions | 23 cm |
| 440 ## - SERIES STATEMENT/ADDED ENTRY--TITLE | |
| Title | Ankara Ü Tıp Fak Yayınları; |
| Volume/sequential designation | sayı:224 |
| 650 ## - SUBJECT ADDED ENTRY--TOPICAL TERM | |
| Topical term or geographic name entry element | Difestion--physiolofy |
| 942 ## - ADDED ENTRY ELEMENTS (KOHA) | |
| Source of classification or shelving scheme | National Library of Medicine |
| Koha item type | Book |
| Withdrawn status | Lost status | Source of classification or shelving scheme | Not for loan | Collection code | Home library | Current library | Shelving location | Date acquired | Source of acquisition | Inventory number | Total Checkouts | Full call number | Barcode | Date last seen | Date shelved | Koha item type |
|---|---|---|---|---|---|---|---|---|---|---|---|---|---|---|---|---|
| National Library of Medicine | Ödünç Verilemez-Kurumiçi kullanım / Not for loan-For inhouse use | Tıp Koleksiyonu | Tıp Fakültesi Medikal Kütüphane | Tıp Fakültesi Medikal Kütüphane | Tıp Koleksiyonu / Medical Collection | 15/01/2026 | Bağış / Donation | TIP | WI 102 ÖZE 1969 TıpFak | TF02608 | 15/01/2026 | 15/01/2026 | Book |
